000 01046nam0a22003011 4500
001 rc\3311370
005 20250609210959.0
021 _aRU
_b[74-49510]
035 _a(NLR Aleph) 007504735
090 _a7676918
_c7676918
100 _a20130115d1974 |||y0rusy50 ca
101 0 _arus
102 _aRU
105 _ac z |||||
200 1 _aКоллектив. Дисциплина. Труд
_e[Рост. з-д "Электроаппарат"]
210 _aРостов-на-Дону
_cКн. изд-во
_d1974
215 _a71 с.
_cпортр.
_d17
225 1 _a[Слово новатора]
300 _aПеред загл. авт.: М.С. Дудаль, Герой Соц. Труда
517 0 _aТруд
517 0 _aДисциплина
606 _aЭлектроаппаратостроение
_xОрганизация труда
_2psbo
700 1 _aДудаль
_bМ.С.
_gМихаил Степанович
801 0 _aRU
_bNLR
_gpsbo
801 1 _aRU
_bELAR
_2rusmarc
852 _aNLR
_j74-2/1076
942 _cBOOK
980 _aNB